NHL Captains - Statistics

General Stats
  • This quiz has been taken 58 times
    16 since last reset
  • The average score is 23 of 31
Answer Stats
Team Captain % Correct
Washington Capitals Alex Ovechkin
100%
Boston Bruins Brad Marchand
100%
Pittsburgh Penguins Sidney Crosby
100%
Florida Panthers Aleksander Barkov
92%
Toronto Maple Leafs Auston Matthews
92%
Ottawa Senators Brady Tkachuk
92%
Dallas Stars Jamie Benn
92%
Vegas Golden Knights Mark Stone
92%
Montreal Canadiens Nick Suzuki
92%
Vancouver Canucks Quinn Hughes
92%
Nashville Predators Roman Josi
92%
Tampa Bay Lightning Victor Hedman
92%
Edmonton Oilers Connor McDavid
85%
Detroit Red Wings Dylan Larkin
85%
Colorado Avalanche Gabriel Landeskog
85%
New York Islanders Anders Lee
77%
Los Angeles Kings Anze Kopitar
77%
Carolina Hurricanes Jordan Staal
77%
Buffalo Sabres Rasmus Dahlin
77%
Utah Hockey Club Clayton Keller
69%
Chicago Blackhawks Nick Foligno
69%
New Jersey Devils Nico Hischier
69%
San Jose Sharks Logan Couture
62%
Seattle Kraken Jordan Eberle
54%
Calgary Flames Mikael Backlund
54%
Anaheim Ducks Radko Gudas
54%
Winnipeg Jets Adam Lowry
46%
Columbus Blue Jackets Boone Jenner
46%
St. Louis Blues Brayden Schenn
46%
Minnesota Wild Jared Spurgeon
46%
Philadelphia Flyers Sean Couturier
38%
No matching quizzes found
Score Distribution
Percent of People with Each Score
Percentile by Number Answered
Your Score History
You have not taken this quiz since the last reset